000 00587nam a22001937a 4500
999 _c8845
_d8845
008 210301b ||||| |||| 00| 0 eng d
040 _aBMS College of Architecture
100 _aBhandiwad, Akshata
245 _aAntariksh Space park Bangalore
300 _a39p.
500 _a1BM10AT008
502 _8B.Arch
_NBMS College of Architecture, Visvesvaraya Technological University (VTU)
_aProject Report
_d2014
650 _aPark
650 _aBangalore
700 _aBhaghyalaxmi M
_eGuide
700 _aDakshayini R. Patil
_eGuide
700 _aShanthala V
_eGuide
942 _2ddc
_cTHE